<?xml version="1.0" encoding="UTF-8"?><?xml-stylesheet type="text/xsl" href="static/style.xsl"?><OAI-PMH xmlns="http://www.openarchives.org/OAI/2.0/" xmlns:xsi="http://www.w3.org/2001/XMLSchema-instance" xsi:schemaLocation="http://www.openarchives.org/OAI/2.0/ http://www.openarchives.org/OAI/2.0/OAI-PMH.xsd"><responseDate>2026-04-17T15:36:40Z</responseDate><request verb="GetRecord" identifier="oai:www.recercat.cat:10256/18301" metadataPrefix="marc">https://recercat.cat/oai/request</request><GetRecord><record><header><identifier>oai:recercat.cat:10256/18301</identifier><datestamp>2024-06-14T09:44:39Z</datestamp><setSpec>com_2072_452955</setSpec><setSpec>com_2072_2054</setSpec><setSpec>col_2072_453064</setSpec></header><metadata><record xmlns="http://www.loc.gov/MARC21/slim" xmlns:dcterms="http://purl.org/dc/terms/" xmlns:xsi="http://www.w3.org/2001/XMLSchema-instance" xmlns:doc="http://www.lyncode.com/xoai" xsi:schemaLocation="http://www.loc.gov/MARC21/slim http://www.loc.gov/standards/marcxml/schema/MARC21slim.xsd">
   <leader>00925njm 22002777a 4500</leader>
   <datafield ind2=" " ind1=" " tag="042">
      <subfield code="a">dc</subfield>
   </datafield>
   <datafield ind2=" " ind1=" " tag="720">
      <subfield code="a">Batllori Dillet, Montse</subfield>
      <subfield code="e">author</subfield>
   </datafield>
   <datafield ind2=" " ind1=" " tag="720">
      <subfield code="a">Sitaridou, Ioanna</subfield>
      <subfield code="e">author</subfield>
   </datafield>
   <datafield ind2=" " ind1=" " tag="260">
      <subfield code="c">2020-06-25</subfield>
   </datafield>
   <datafield ind2=" " ind1=" " tag="520">
      <subfield code="a">The article focuses on a cross-genre study of fronting phenomena in 13th Century Old Spanish. In particular, we study stage topics and deictic fronting, fronting in quotative inversion, quantifier fronting and information/broad/weak focus fronting comparatively, for the first time, in three types of texts (that is, (a) Cantar de Mío Cid, (b) La Fazienda de Ultra Mar, and (c) Estoria de España and General Estoria) while we compare with equivalent judgements from Modern Spanish in order to establish what exactly has changed. “Fronting” a term which has been used to describe all sorts of configurations ranging from stylistic fronting to focus fronting to non-focus fronting receives here a principled discussion. We show that, overall, fronting with a verum focus interpretation has largely been preserved into Modern Spanish, albeit often restricted, while the most notable change seems to be the loss of a preverbal focus position conveying broad focus. In doing so, we reconcile Leonetti’s (2017) claims for an informational partition, which does not divide the fronted element from the verb, but, rather, the fronted element together with the verb from the postverbal subject with our own claims about the syntactic mechanisms which yield this partition. We proceed to conclude that fronting operations are not a derivative of the V2 parameter being operative (contra Wolfe 2015)</subfield>
   </datafield>
   <datafield ind1="8" ind2=" " tag="024">
      <subfield code="a">http://hdl.handle.net/10256/18301</subfield>
   </datafield>
   <datafield tag="653" ind2=" " ind1=" ">
      <subfield code="a">Castellà antic</subfield>
   </datafield>
   <datafield tag="653" ind2=" " ind1=" ">
      <subfield code="a">Spanish language -- To 1500</subfield>
   </datafield>
   <datafield tag="653" ind2=" " ind1=" ">
      <subfield code="a">Llenguatge i llengües -- Variació</subfield>
   </datafield>
   <datafield tag="653" ind2=" " ind1=" ">
      <subfield code="a">Language and languages -- Variation</subfield>
   </datafield>
   <datafield tag="653" ind2=" " ind1=" ">
      <subfield code="a">Castellà -- Gramàtica històrica</subfield>
   </datafield>
   <datafield tag="653" ind2=" " ind1=" ">
      <subfield code="a">Spanish language -- Grammar, Historical</subfield>
   </datafield>
   <datafield ind2="0" ind1="0" tag="245">
      <subfield code="a">Fronting in Old Spanish</subfield>
   </datafield>
</record></metadata></record></GetRecord></OAI-PMH>